| 000 | 01655nam a2200325 i 4500 | ||
|---|---|---|---|
| 001 | ssj0001974336 | ||
| 003 | WaSeSS | ||
| 005 | 20251013113632.0 | ||
| 006 | m d | ||
| 007 | cr n | ||
| 008 | 150622s2016 cau sb 000 0 eng d | ||
| 010 | _a 2015023616 | ||
| 020 | _a9781483381763 (pbk.) | ||
| 040 |
_aDLC _beng _cDLC _dDLC _dWaSeSS |
||
| 041 | _aeng | ||
| 042 | _apcc | ||
| 050 | 0 | 0 |
_aHA17 _b.V64 2016 |
| 100 |
_aVogt, W. Paul _926089 _eauthor |
||
| 240 | 1 | 0 | _aDictionary of statistics & methodology |
| 245 | 1 | 4 |
_aThe SAGE dictionary of statistics & methodology _b: a nontechnical guide for the social sciences _c/ W. Paul Vogt, R. Burke Johnson. |
| 250 | _aFifth edition. | ||
| 260 |
_aLos Angeles, CA : _bSAGE Publications, _c2016. |
||
| 300 |
_axxi, 492 pages : _billustrations ; _c23 cm. |
||
| 504 | _aIncludes bibliographical references. | ||
| 520 | _aWritten in a clear, readable style with a wide range of explanations and examples, this must-have dictionary reflects recent changes in the fields of statistics and methodology. Packed with new definitions, terms, and graphics, this invaluable resource is an ideal reference for researchers and professionals in the field and provides everything students need to read and understand a research report, including elementary terms, concepts, methodology, and design definitions, as well as concepts from qualitative research methods and terms from theory and philosophy. | ||
| 650 | 0 |
_aSocial sciences _xStatistical methods _vDictionaries _926090 |
|
| 650 | 0 |
_aSocial sciences _xMethodology _vDictionaries _926091 |
|
| 700 |
_aJohnson, R. Burke _926092 _eauthor |
||
| 942 | _2lcc | ||
| 999 |
_c5026 _d5026 |
||